KOHA-Header-6

Business Economics (Record no. 2145)

000 -LEADER
fixed length control field 00290nam a2200121Ia 4500
008 - FIXED-LENGTH DATA ELEMENTS--GENERAL INFORMATION
fixed length control field 190802s9999 xx 000 0 und d
020 ## - INTERNATIONAL STANDARD BOOK NUMBER
International Standard Book Number 978-1-4080-6981-3
100 ## - MAIN ENTRY--PERSONAL NAME
Personal name N.Gregory Mankiw
245 #0 - TITLE STATEMENT
Title Business Economics
260 ## - PUBLICATION, DISTRIBUTION, ETC. (IMPRINT)
Place of publication, distribution, etc New Delhi
Name of publisher, distributor, etc CRC
Date of publication, distribution, etc 2013
300 ## - PHYSICAL DESCRIPTION
Extent 564:p
942 ## - ADDED ENTRY ELEMENTS (KOHA)
Koha item type Books
Holdings
Withdrawn status Lost status Source of classification or shelving scheme Damaged status Not for loan Collection code Permanent Location Current Location Shelving location Date acquired Total Checkouts Full call number Barcode Date last seen Date checked out Price effective from Koha item type
          Economics MAJU MAJU Shelf No.A48 2019-08-03 1 330.31 8768 2023-10-05 2023-09-28 2019-08-03 Economics

Powered by Koha